Persian Gulf Pro League 25/26 - nagła śmierć - Statystyki

Ogólne statystyki
  • Ten quiz został rozwiązany 62 razy
  • Średni wynik to 5 z 16
Answers on the Grid
Answers color-coded by a green-red scale on the quiz's grid according to % correct below.
Chadormalu SC
Saipa Karadż
Paykan FC
Aluminium Arak
Nassaji Mazandaran
Mes Rafsanjan
Mes Kerman
Zob Ahan Isfahan
Persepolis FC
Sanat Naft Abadan
Gol Gohar Sirjan
Pars Jonoubi Jam
Kheybar Khorramabad FC
Fajr Sepasi Sziraz
Karvan Yevlakh
Sepahan FC
Shams Azar Qazvin
Sumqayıt FK
Esteghlal Khuzestan
Esteghlal Teheran
Zakho FC
Tractor Sazi
Malavan Bandar Anzali
Foolad FC
Mohun Bagan AC
Tishreen SC
 
Statystyki odpowiedzi
Odpowiedź % Poprawnych
Persepolis FC
50%
Sepahan FC
50%
Shams Azar Qazvin
50%
Zob Ahan Isfahan
50%
Aluminium Arak
33%
Chadormalu SC
33%
Foolad FC
33%
Gol Gohar Sirjan
33%
Malavan Bandar Anzali
33%
Paykan FC
33%
Tractor Sazi
33%
Esteghlal Khuzestan
17%
Esteghlal Teheran
17%
Fajr Sepasi Sziraz
17%
Kheybar Khorramabad FC
17%
Mes Rafsanjan
17%
Nie znaleziono quizów pasujących do podanych kryteriów
Rozkład punktacji
Procent ludzi z każdym wynikiem
Percentyl według liczby udzielonych odpowiedzi
Twoja historia wyników
Nie rozwiązałeś tego quizu